Kibua, Thomas N. (Record no. 1293)
[ view plain ]
| 000 -LEADER | |
|---|---|
| fixed length control field | 00460nam a2200145Ia 4500 |
| 008 - FIXED-LENGTH DATA ELEMENTS--GENERAL INFORMATION | |
| fixed length control field | 151015s9999 xx 000 0 und d |
| 020 ## - INTERNATIONAL STANDARD BOOK NUMBER | |
| International Standard Book Number | 9966846980 |
| 050 ## - LIBRARY OF CONGRESS CALL NUMBER | |
| Classification number | HC865.K5 2008 |
| 245 ## - TITLE STATEMENT | |
| Title | Kibua, Thomas N. |
| 250 ## - EDITION STATEMENT | |
| Edition statement | _Decentralization and Develution in Kenya New Approaches Thomas N. Kibua |
| 300 ## - PHYSICAL DESCRIPTION | |
| Extent | Nairobi University of Nairobi 2008 |
| 500 ## - GENERAL NOTE | |
| General note | Includes Index. |
| 650 ## - SUBJECT ADDED ENTRY--TOPICAL TERM | |
| Topical term or geographic name as entry element | _Structures and Institution |
| 700 ## - ADDED ENTRY--PERSONAL NAME | |
| Personal name | ^d20110208 02:43:37^oanne |
No items available.